000 00999nam a22002537a 4500
005 20170124102940.0
010 _aB-203074
020 _c125.00
_a8126709367
035 _aB-203074
037 _bCen Lib/Ret
040 _aDPL
_bHN
082 _a822
_bअशोक
100 _aअशोक लाल
_9141664
245 _aएक मामूली आदमी /
_cअशोक लाल
246 _aEk mamooli aadmi /
_bby Ashok Lal
260 _aनई दिल्ली
_bराजकमल प्रकाशन
_c2006
270 _bनई दिल्ली
_a1-बी, नेताजी सुभाष मार्ग
_e110002
300 _a95पृ.
_c20मी(सजिल्द)
650 _aहिन्दी साहित्य
_9141665
650 _aहिन्दी साहित्य -- नाटक
_946022
650 _aHindi literature
_9141666
650 _aHindi literature -- Drama
_9141667
942 _2ddc
_cHN
_h822
_mअशोक
999 _c112529
_d112529